000 00298nam a22001457a 4500
008 210511b ||||| |||| 00| 0 eng d
020 _a9780139082375
041 _aeng
080 _a37
082 _a37
100 _a46
101 _aEDU
245 _aNew Vistas
_cBrown,H.D
942 _2udc
_cBK
999 _c57201
_d57201